02281cam a2200373 i 450000100090000000300090000900500170001800800410003502000180007602000150009404000430010908200220015224503800017425000190055425000270057326400440060026400100064430000510065433600260070533700280073133800270075950400510078652005670083765000330140465300160143765500170145370000280147070000360149877601420153490600450167694200120172199900170173395201570175022190271EG-ScBUE20240521112527.0210824t2023 paua f b 001 0 eng d a9781975192044 z1975192044 aDNLM/DLCbengerdacDLCdDLCdEG-ScBUE04a615.8515222bCON00aConditions in occupational therapy :beffect of occupational performance /cBen J. Atchison, PhD, OTR/L, FAOTA, Professor and Chair Emeritus, Department of Occupational Therapy, Western Michigan University, Kalamazoo, Michigan, Diane Powers Dirette, PhD, OTL, FAOTA, Professor, Interdisciplinary Health Sciences PhD Program, Western Michigan, University, Kalamazoo, Michigan. aSixth edition. aInternational edition. 1aPhiladelphia :bWolters Kluwer,c[2023] 4cc2023 axiv, 801 pages :bcolor illustrations ;c26 cm atextbtxt2rdacontent aunmediatedbn2rdamedia avolumebnc2rdacarrier aIncludes bibliographical references and index. a"Each chapter provides detailed information about the etiology, incidence and prevalence, signs and symptoms, diagnosis, course and prognosis, and medical/surgical management of a condition and discusses the impact of the deficits in client factors on areas of occupational performance. The areas of occupational performance that are addressed in this new edition include activities of daily living, instrumental activities of daily living, health management, rest and sleep, education, work, play and leisure, and social participation"--cProvided by publisher. 7aOccupational therapy.2BUEsh cMay2024bPT vReading book1 aAtchison, Ben,eeditor.1 aDirette, Diane Powers,eeditor.08iOnline version:tConditions in occupational therapybSixth edition.dPhiladelphia : Wolters Kluwer, 2022z9781975153861w(DLC) 2021041683 a7bcbccorignewd1eecipf20gy-gencatlg 2ddccBB c30742d30713 00102ddc40708BaccahaMAINbMAINc1STd2024-05-21ePurchaseg1738.00h38223l0o615.8515 CONp000057096r2025-07-15 00:00:00v2173.00w2024-05-21yBB